[Event "Nezhmetdinov Memorial 37th"]
[Site "Kazan"]
[Date "2015.06.08"]
[Round "9"]
[White "Pushkin, Eduard"]
[Black "Mischeryakov, Alexey"]
[Result "1-0"]
[WhiteElo "2151"]
[BlackElo "1945"]
[PlyCount "55"]
[EventDate "2015.05.31"]
[EventType "swiss"]
[EventRounds "9"]
[EventCountry "RUS"]
[SourceTitle "CBM 166 Extra"]
[Source "ChessBase"]
[SourceDate "2015.06.18"]
[SourceVersion "1"]
[SourceVersionDate "2015.06.18"]
[SourceQuality "1"]

1. e4 e6 2. d3 d5 3. Nd2 Nf6 4. Ngf3 c5 5. g3 Nc6 6. Bg2 Be7 7. 0-0 0-0 8. Re1 Qc7 9. e5 Nd7 10. Qe2 b5 11. Nf1 Bb7 12. Bf4 c4 13. d4 Nb6 14. c3 b4 15. h4 a5 16. N1h2 a4 17. a3 bxa3 18. bxa3 Nd7 19. Ng5 h6 20. Qh5 hxg5 21. hxg5 g6 22. Qh3 Rfb8 23. Ng4 Bf8 24. Nf6+ Nxf6 25. gxf6 Ne7 26. Bf3 Bg7 27. fxg7 Nf5 28. Qh8# 1-0

[Event "Nezhmetdinov Memorial 37th"]
[Site "Kazan"]
[Date "2015.06.05"]
[Round "6"]
[White "Rozmanov, Aleksandr"]
[Black "Pushkin, Eduard"]
[Result "0-1"]
[WhiteElo "1893"]
[BlackElo "2151"]
[PlyCount "52"]
[EventDate "2015.05.31"]
[EventType "swiss"]
[EventRounds "9"]
[EventCountry "RUS"]
[SourceTitle "CBM 166 Extra"]
[Source "ChessBase"]
[SourceDate "2015.06.18"]
[SourceVersion "1"]
[SourceVersionDate "2015.06.18"]
[SourceQuality "1"]

1. e4 d6 2. Nf3 Nf6 3. Nc3 e5 4. Be2 Be7 5. 0-0 0-0 6. d4 Nbd7 7. h3 c6 8. Be3 b5 9. a3 Bb7 10. Nd2 a6 11. dxe5 dxe5 12. b4 a5 13. bxa5 Qxa5 14. Ncb1 Rfd8 15. Nb3 Qc7 16. f3 Nc5 17. Qc1 Ne6 18. c4 b4 19. a4 c5 20. N1d2 Nh5 21. Re1 Nhf4 22. Qc2 Bh4 23. Bf2 Bxf2+ 24. Kxf2 Qe7 25. Rh1 Qg5 26. h4 Qxg2+ 0-1

[Event "Nezhmetdinov Memorial 36th"]
[Site "Kazan"]
[Date "2014.06.01"]
[Round "2"]
[White "Pushkin, Eduard"]
[Black "Galimov, Ildus"]
[Result "1-0"]
[WhiteElo "2150"]
[BlackElo "1926"]
[PlyCount "91"]
[EventDate "2014.05.31"]
[EventType "swiss"]
[EventRounds "9"]
[EventCountry "RUS"]
[SourceTitle "CBM 160 Extra"]
[Source "ChessBase"]
[SourceDate "2014.07.01"]
[SourceVersion "1"]
[SourceVersionDate "2014.07.01"]
[SourceQuality "1"]

1. c4 e5 2. g3 d6 3. Bg2 Nc6 4. Nc3 g6 5. e3 Bg7 6. Nge2 h5 7. d4 exd4 8. Nxd4 Nxd4 9. exd4 h4 10. 0-0 hxg3 11. Re1+ Ne7 12. hxg3 0-0 13. Bg5 f6 14. Bf4 Nc6 15. Bd5+ Rf7 16. c5 Ne7 17. Bxf7+ Kxf7 18. cxd6 cxd6 19. Qb3+ d5 20. Rxe7+ Qxe7 21. Nxd5 Qe6 22. Nc7 Qxb3 23. axb3 Rb8 24. Nd5 Be6 25. Bxb8 Bxd5 26. Rxa7 Ke6 27. Bc7 Kd7 28. Bf4 Kc6 29. b4 f5 30. Be3 Bf8 31. Bd2 Bg7 32. Bc3 g5 33. f3 g4 34. fxg4 fxg4 35. Kf2 Bh6 36. Ra1 Bg7 37. Re1 b6 38. Re7 Bf6 39. Rh7 Bd8 40. b5+ Kd6 41. Bd2 Bc4 42. Rh5 Bf7 43. Bf4+ Kd7 44. Rh7 Ke8 45. Ke3 Bc4 46. Rg7 1-0

[Event "Nezhmetdinov Memorial 35th"]
[Site "Kazan"]
[Date "2013.06.05"]
[Round "6"]
[White "Ovchinnikov, Vsevolod"]
[Black "Pushkin, Eduard"]
[Result "1/2-1/2"]
[WhiteElo "2006"]
[BlackElo "2170"]
[PlyCount "114"]
[EventDate "2013.05.31"]
[EventType "swiss"]
[EventRounds "9"]
[EventCountry "RUS"]
[SourceTitle "CBM 154 Extra"]
[Source "ChessBase"]
[SourceDate "2013.06.25"]
[SourceVersion "2"]
[SourceVersionDate "2013.06.25"]
[SourceQuality "1"]

1. d4 Nf6 2. c4 d6 3. Nc3 Nbd7 4. g3 e5 5. Bg2 Be7 6. e4 0-0 7. Nge2 c6 8. 0-0 a6 9. a4 a5 10. h3 Qc7 11. Be3 Nb8 12. Kh2 Na6 13. b3 Nb4 14. Na2 Nxa2 15. Rxa2 Nd7 16. f4 f6 17. Rd2 Nb8 18. Qa1 exf4 19. Bxf4 Qb6 20. Rd3 Na6 21. g4 Nb4 22. Rdd1 Be6 23. d5 Bf7 24. Qc3 Rfd8 25. Ng3 Na6 26. Nf5 Bf8 27. g5 fxg5 28. Bxg5 Rd7 29. Rd3 Nc5 30. Rg3 Bg6 31. Bc1 Re8 32. Bb2 Bxf5 33. Rxf5 Qc7 34. Rg4 Rf7 35. Qc2 cxd5 36. Rxd5 Nd7 37. Qd2 b6 38. Rf4 Ne5 39. Bxe5 dxe5 40. Rxf7 Qxf7 41. Rd7 Qf6 42. Qd5+ Kh8 43. Rf7 Qg6 44. Rf5 Bc5 45. Qd7 h6 46. Rf7 Rg8 47. Qf5 Qd6 48. Rd7 Qb8 49. Bf3 Rd8 50. Bg4 Rxd7 51. Qxd7 Qf8 52. Qc8 Qxc8 53. Bxc8 Kg8 54. Kg3 Kf7 55. Kg4 g6 56. Bd7 Kf6 57. Be8 Bd4 1/2-1/2

[Event "Nezhmetdinov Memorial 35th"]
[Site "Kazan"]
[Date "2013.05.31"]
[Round "1"]
[White "Pushkin, Eduard"]
[Black "Shariyazdanov, Andrey"]
[Result "1/2-1/2"]
[WhiteElo "2170"]
[BlackElo "2579"]
[PlyCount "78"]
[EventDate "2013.05.31"]
[EventType "swiss"]
[EventRounds "9"]
[EventCountry "RUS"]
[SourceTitle "CBM 154 Extra"]
[Source "ChessBase"]
[SourceDate "2013.06.25"]
[SourceVersion "2"]
[SourceVersionDate "2013.06.25"]
[SourceQuality "1"]

1. c4 c5 2. Nc3 g6 3. g3 Bg7 4. Bg2 Nc6 5. e3 e5 6. Nge2 Nge7 7. a3 0-0 8. 0-0 d6 9. d3 Bg4 10. h3 Be6 11. Nd5 Qd7 12. Kh2 f5 13. Rb1 Rad8 14. b3 h6 15. Bd2 g5 16. f4 Ng6 17. b4 b6 18. b5 Nce7 19. Nec3 exf4 20. exf4 gxf4 21. gxf4 Kh7 22. Nxe7 Nxe7 23. Nd5 Nxd5 24. Bxd5 Bxd5 25. cxd5 Rde8 26. a4 c4 27. dxc4 Re4 28. Rc1 Rfe8 29. Rf2 Qf7 30. Rg2 Bd4 31. Rc2 Be3 32. Bxe3 Rxe3 33. Rce2 Qh5 34. Rxe3 Qxd1 35. Rxe8 Qf3 36. Re7+ Kh8 37. Re8+ Kh7 38. Re7+ Kh8 39. Re8+ Kh7 1/2-1/2

[Event "Tatarstan-ch op"]
[Site "Kazan"]
[Date "2012.09.07"]
[Round "5"]
[White "Pushkin, Eduard"]
[Black "Nizamov, Bulat"]
[Result "1/2-1/2"]
[WhiteElo "2169"]
[BlackElo "1901"]
[PlyCount "84"]
[EventDate "2012.09.03"]
[EventType "swiss"]
[EventRounds "9"]
[EventCountry "RUS"]
[SourceTitle "CBM 150 Extra"]
[Source "ChessBase"]
[SourceDate "2012.10.19"]
[SourceVersion "1"]
[SourceVersionDate "2012.10.19"]
[SourceQuality "1"]

1. d4 d5 2. Nc3 Nf6 3. Bg5 Nbd7 4. f3 c5 5. dxc5 e6 6. b4 h6 7. Bh4 b6 8. e4 bxc5 9. exd5 cxb4 10. dxe6 bxc3 11. exd7+ Bxd7 12. Bc4 Be7 13. Ne2 Rc8 14. Qd3 Bc5 15. Bb5 Bxb5 16. Qxb5+ Qd7 17. Qxd7+ Nxd7 18. Bf2 0-0 19. Bxc5 Nxc5 20. Kf2 Rfd8 21. Rhd1 Na6 22. a3 Rd2 23. Rxd2 cxd2 24. Nd4 Rc4 25. Ke3 Nc5 26. Rd1 Rc3+ 27. Kxd2 Rxa3 28. Rb1 Ra6 29. Rb8+ Kh7 30. Rc8 Rd6 31. c3 Nb3+ 32. Ke3 Nxd4 33. cxd4 Rd7 34. Rc6 Re7+ 35. Kd3 f6 36. h4 Kg6 37. g4 Kf7 38. h5 Rd7 39. Kc4 Ke7 40. d5 Rd6 41. Rc7+ Rd7 42. Rc5 Kd6 1/2-1/2

[Event "Tatarstan-ch op"]
[Site "Kazan"]
[Date "2012.09.06"]
[Round "4"]
[White "Ayupov, Damir"]
[Black "Pushkin, Eduard"]
[Result "1-0"]
[WhiteElo "2362"]
[BlackElo "2169"]
[PlyCount "83"]
[EventDate "2012.09.03"]
[EventType "swiss"]
[EventRounds "9"]
[EventCountry "RUS"]
[SourceTitle "CBM 150 Extra"]
[Source "ChessBase"]
[SourceDate "2012.10.19"]
[SourceVersion "1"]
[SourceVersionDate "2012.10.19"]
[SourceQuality "1"]

1. d4 Nf6 2. c4 c5 3. d5 e5 4. Nc3 d6 5. e4 Be7 6. g3 a6 7. a4 b6 8. Bg2 0-0 9. Nge2 Ne8 10. 0-0 Nd7 11. Bd2 Rb8 12. Qc2 Nc7 13. b3 b5 14. a5 Bg5 15. f4 Bf6 16. Ra2 g6 17. Qd3 Bg7 18. f5 g5 19. Bf3 Rb7 20. Nd1 Nb8 21. f6 Bxf6 22. Ne3 Ne8 23. Bg4 Bxg4 24. Nxg4 Bg7 25. Nc3 bxc4 26. bxc4 Nd7 27. Rb1 Rxb1+ 28. Qxb1 f5 29. exf5 e4 30. Nxe4 h6 31. Bc3 Nef6 32. Ngxf6+ Nxf6 33. Re2 Nxe4 34. Bxg7 Kxg7 35. Qxe4 Qxa5 36. Qe7+ Rf7 37. f6+ Kg6 38. Qe8 Qa1+ 39. Kg2 Qxf6 40. Re6 Kf5 41. Rxf6+ Rxf6 42. h3 1-0

[Event "Tatarstan-ch"]
[Site "Kazan"]
[Date "2011.12.18"]
[Round "6.21"]
[White "Pushkin, Eduard"]
[Black "Kuznetsova, Darya"]
[Result "1/2-1/2"]
[WhiteElo "2191"]
[BlackElo "1725"]
[PlyCount "80"]
[EventDate "2011.12.13"]
[EventType "swiss"]
[EventRounds "9"]
[EventCountry "RUS"]
[SourceTitle "EXT 2022"]
[Source "ChessBase"]
[SourceDate "2021.10.06"]
[SourceVersion "1"]
[SourceVersionDate "2021.10.06"]
[SourceQuality "1"]

1. Nf3 Nf6 2. d4 e6 3. g3 b6 4. Bg2 Bb7 5. 0-0 d5 6. Ne5 Nbd7 7. c4 c5 8. cxd5 Bxd5 9. Bxd5 Nxd5 10. Nf3 Be7 11. Nc3 N5f6 12. a4 0-0 13. d5 exd5 14. Nxd5 Nxd5 15. Qxd5 Nf6 16. Qc4 Qd5 17. b3 Rfd8 18. Bb2 Ne4 19. Qxd5 Rxd5 20. Rfd1 Rad8 21. Rxd5 Rxd5 22. Kg2 f6 23. Rc1 Rd8 24. Rc4 Nd2 25. Rc3 f5 26. Bc1 Ne4 27. Rd3 Rxd3 28. exd3 Nc3 29. Ne5 Bd6 30. Nc4 Bc7 31. Bb2 Nd5 32. d4 cxd4 33. Bxd4 g6 34. Kf3 Kf7 35. h3 Ke6 36. Ke2 h5 37. Kd3 Nb4+ 38. Kc3 Nd5+ 39. Kd3 Nb4+ 40. Kc3 Nd5+ 1/2-1/2

[Event "Tatarstan-ch op"]
[Site "Kazan"]
[Date "2009.08.27"]
[Round "8"]
[White "Ospennikov, Dmitry V"]
[Black "Pushkin, Eduard"]
[Result "1-0"]
[WhiteElo "2262"]
[BlackElo "2206"]
[PlyCount "108"]
[EventDate "2009.08.20"]
[EventType "swiss"]
[EventRounds "9"]
[EventCountry "RUS"]
[SourceTitle "EXT 2010"]
[Source "ChessBase"]
[SourceDate "2010.11.25"]
[SourceVersion "1"]
[SourceVersionDate "2010.11.25"]
[SourceQuality "1"]

1. e4 d6 2. d4 Nf6 3. Nc3 c6 4. Nf3 g6 5. Be2 Bg7 6. 0-0 0-0 7. h3 Qc7 8. a4 e5 9. Be3 h6 10. Qd2 Kh7 11. Rad1 Nbd7 12. Rfe1 Ne8 13. Bf1 a6 14. b4 a5 15. b5 Ndf6 16. dxe5 dxe5 17. g4 Rh8 18. g5 hxg5 19. Nxg5+ Kg8 20. Bc4 Bxh3 21. Bxf7+ Qxf7 22. Nxf7 Kxf7 23. bxc6 bxc6 24. Qe2 Bf8 25. Bc5 Bg4 26. Qc4+ Be6 27. Nd5 Rc8 28. Bxf8 cxd5 29. Qa6 Rxf8 30. exd5 Bg4 31. d6 Rc5 32. Rb1 Nd7 33. Rb3 Nef6 34. f3 Be6 35. Rbe3 Rh8 36. Qa7 e4 37. R1e2 Rg5+ 38. Rg2 Rxg2+ 39. Kxg2 exf3+ 40. Kxf3 Rh3+ 41. Kg2 Rxe3 42. Qxe3 Nd5 43. Qg5 N7f6 44. c4 Nb6 45. Qxa5 Nxc4 46. Qc7+ Nd7 47. Kg3 Kf6 48. a5 g5 49. a6 Ke5 50. a7 Ncb6 51. Qc6 Bd5 52. a8Q Nxa8 53. Qxd7 Nb6 54. Qc7 Na8 1-0

[Event "Tatarstan-ch op"]
[Site "Kazan"]
[Date "2009.08.20"]
[Round "1"]
[White "Sabirov, Irek"]
[Black "Pushkin, Eduard"]
[Result "0-1"]
[WhiteElo "1934"]
[BlackElo "2206"]
[PlyCount "118"]
[EventDate "2009.08.20"]
[EventType "swiss"]
[EventRounds "9"]
[EventCountry "RUS"]
[SourceTitle "EXT 2010"]
[Source "ChessBase"]
[SourceDate "2010.11.25"]
[SourceVersion "1"]
[SourceVersionDate "2010.11.25"]
[SourceQuality "1"]

1. e4 d6 2. d4 Nf6 3. Bd3 e5 4. dxe5 dxe5 5. Nf3 Bc5 6. 0-0 Qe7 7. Bg5 0-0 8. h3 Rd8 9. Nbd2 Nbd7 10. Qe2 Nf8 11. Nc4 Ng6 12. Nh4 Nxh4 13. Bxh4 Re8 14. Kh1 Qe6 15. Bg3 Bd6 16. Nxd6 Qxd6 17. f4 exf4 18. Bxf4 Qc5 19. Bh2 Be6 20. Rae1 Nd7 21. e5 Bd5 22. Qh5 Nf8 23. b4 Qc6 24. Re2 a6 25. a3 Bc4 26. Bxc4 Qxc4 27. e6 Re7 28. exf7+ Rxf7 29. Rxf7 Qxf7 30. Qxf7+ Kxf7 31. Bxc7 Rc8 32. Bd6 Ne6 33. Kh2 Rc3 34. a4 Rc4 35. a5 Rd4 36. Rf2+ Ke8 37. Bb8 Rxb4 38. Ba7 Rc4 39. Rd2 Ke7 40. Kg3 h5 41. h4 Rg4+ 42. Kf3 Rxh4 43. Rd5 Rf4+ 44. Ke3 h4 45. Bc5+ Kf6 46. Bb6 Rg4 47. Kf3 Rg3+ 48. Kf2 Rxg2+ 49. Kf3 Rxc2 50. Rh5 g5 51. Rh7 Rc3+ 52. Ke4 h3 53. Be3 g4 54. Rh6+ Ke7 55. Rh7+ Kd6 56. Rxb7 h2 57. Rh7 g3 58. Rh6 Rxe3+ 59. Kxe3 g2 0-1

[Event "Kazan-ch op 85th"]
[Site "Kazan"]
[Date "2008.12.06"]
[Round "11"]
[White "Pushkin, Eduard"]
[Black "Sharafiev, Azat"]
[Result "1/2-1/2"]
[WhiteElo "2200"]
[BlackElo "2412"]
[PlyCount "20"]
[EventDate "2008.11.22"]
[EventType "swiss"]
[EventRounds "11"]
[EventCountry "RUS"]
[SourceTitle "EXT 2022"]
[Source "ChessBase"]
[SourceDate "2021.10.06"]
[SourceVersion "1"]
[SourceVersionDate "2021.10.06"]
[SourceQuality "1"]

1. Nf3 c5 2. g3 d5 3. Bg2 Nc6 4. d4 Bg4 5. c4 Nf6 6. cxd5 Nxd5 7. Nc3 e6 8. 0-0 Nxc3 9. bxc3 Rc8 10. Rb1 b6 1/2-1/2

[Event "Kazan-ch op 85th"]
[Site "Kazan"]
[Date "2008.12.04"]
[Round "10"]
[White "Pushkin, Eduard"]
[Black "Talov, Nikita"]
[Result "1-0"]
[WhiteElo "2200"]
[BlackElo "2065"]
[PlyCount "105"]
[EventDate "2008.11.22"]
[EventType "swiss"]
[EventRounds "11"]
[EventCountry "RUS"]
[SourceTitle "EXT 2022"]
[Source "ChessBase"]
[SourceDate "2021.10.06"]
[SourceVersion "1"]
[SourceVersionDate "2021.10.06"]
[SourceQuality "1"]

1. Nf3 Nf6 2. g3 b6 3. Bg2 Bb7 4. 0-0 e6 5. d3 c5 6. e4 d6 7. a3 Be7 8. b4 Nbd7 9. c4 Qc7 10. Bb2 0-0 11. Nc3 a6 12. Rc1 Rac8 13. Qb3 Rfd8 14. Nd1 Bc6 15. Ne3 b5 16. Nd2 Rb8 17. Bc3 bxc4 18. dxc4 Qb7 19. Qc2 Rdc8 20. Rb1 Qa8 21. Rfe1 d5 22. exd5 exd5 23. cxd5 Bb7 24. b5 Bf8 25. bxa6 Qxa6 26. a4 Qa8 27. Ne4 Nxd5 28. Rxb7 Nxe3 29. Rxe3 Rxb7 30. Ng5 g6 31. Bxb7 Qxb7 32. a5 Qd5 33. h4 h6 34. Nf3 Bg7 35. Bxg7 Kxg7 36. Qc3+ Nf6 37. g4 Qd1+ 38. Re1 Qd7 39. g5 Qg4+ 40. Kf1 hxg5 41. hxg5 Qh3+ 42. Ke2 Re8+ 43. Kd2 Qd7+ 44. Kc1 Rxe1+ 45. Nxe1 Qg4 46. gxf6+ Kh7 47. Qxc5 Qf4+ 48. Kb1 Qxf6 49. Nc2 Qe6 50. Qb6 Qd5 51. a6 Qd1+ 52. Kb2 Qd5 53. a7 1-0

[Event "Kazan-ch op 85th"]
[Site "Kazan"]
[Date "2008.11.26"]
[Round "4"]
[White "Pushkin, Eduard"]
[Black "Galiev, Azat"]
[Result "1/2-1/2"]
[WhiteElo "2200"]
[BlackElo "2210"]
[PlyCount "87"]
[EventDate "2008.11.22"]
[EventType "swiss"]
[EventRounds "11"]
[EventCountry "RUS"]
[SourceTitle "EXT 2022"]
[Source "ChessBase"]
[SourceDate "2021.10.06"]
[SourceVersion "1"]
[SourceVersionDate "2021.10.06"]
[SourceQuality "1"]

1. Nf3 Nf6 2. g3 c5 3. Bg2 Nc6 4. 0-0 d5 5. d4 e6 6. c4 dxc4 7. Qa4 cxd4 8. Ne5 Bd7 9. Nxc6 Qb6 10. Qxc4 Bxc6 11. Bxc6+ bxc6 12. e3 Bc5 13. exd4 Bxd4 14. Nc3 e5 15. Bg5 Nd7 16. Rac1 h6 17. Ne4 Qb5 18. Be3 Qxc4 19. Rxc4 Bxe3 20. fxe3 Rc8 21. Rfc1 Nb8 22. b4 Kd7 23. Nc5+ Ke7 24. Kf2 Rhd8 25. Ke2 Rd6 26. Nb3 Rd5 27. Na5 Rcd8 28. R1c2 Rd1 29. Rxc6 Rh1 30. Rc7+ Ke6 31. Nc6 Re8 32. Nxb8 Rxb8 33. R2c6+ Kd5 34. Rc5+ Ke6 35. a3 e4 36. R5c6+ Kd5 37. Ra6 Rxh2+ 38. Kd1 Rb5 39. Raxa7 Kd6 40. Rd7+ Ke6 41. Re7+ Kf5 42. Rxf7+ Kg4 43. Rf4+ Kxg3 44. Rxg7+ 1/2-1/2

[Event "Kazan-ch op 85th"]
[Site "Kazan"]
[Date "2008.11.25"]
[Round "3"]
[White "Gubajdullin, Marsel"]
[Black "Pushkin, Eduard"]
[Result "0-1"]
[WhiteElo "2017"]
[BlackElo "2200"]
[PlyCount "142"]
[EventDate "2008.11.22"]
[EventType "swiss"]
[EventRounds "11"]
[EventCountry "RUS"]
[SourceTitle "EXT 2022"]
[Source "ChessBase"]
[SourceDate "2021.10.06"]
[SourceVersion "1"]
[SourceVersionDate "2021.10.06"]
[SourceQuality "1"]

1. d4 Nf6 2. Nd2 d6 3. e3 e5 4. b3 Nc6 5. Bb2 Be7 6. Bd3 exd4 7. exd4 Nb4 8. Nc4 Nxd3+ 9. Qxd3 0-0 10. Ne2 a5 11. a4 b6 12. Ne3 d5 13. 0-0 Ba6 14. c4 dxc4 15. bxc4 Nd5 16. Ng4 Bd6 17. g3 Nf6 18. Ne3 Re8 19. Nc3 Bf8 20. Rad1 Qd7 21. Rfe1 Rad8 22. Kg2 Bc8 23. Kg1 Qh3 24. Qf1 Qd7 25. Qg2 Bb4 26. Re2 Bxc3 27. Bxc3 Qxa4 28. Rde1 h6 29. h3 Qd7 30. Kh2 Ne4 31. Ba1 Nd6 32. g4 Ba6 33. g5 h5 34. g6 fxg6 35. Qxg6 Qf7 36. Qxf7+ Kxf7 37. Rc2 Bxc4 38. Rg1 b5 39. d5 g6 40. Bc3 Ra8 41. Ra1 Bb3 42. Rcc1 a4 43. Bb4 Nc4 44. Nxc4 Bxc4 45. d6 cxd6 46. Bxd6 Re2 47. Kg3 Ra6 48. Rd1 Ke6 49. Ba3 Kf5 50. h4 Rc2 51. f3 Re6 52. Rd4 Ree2 53. Rg1 Bf7 54. Rf4+ Ke6 55. Rd4 Rcd2 56. Rb4 Be8 57. Rc1 Rc2 58. Rxc2 Rxc2 59. Rb1 Bc6 60. Bb4 Kd5 61. Be7 Kc4 62. Kf4 Rc3 63. Kg5 a3 64. Rb4+ Kd3 65. Rb1 a2 66. Ra1 Bd5 67. Bf6 b4 68. Rd1+ Kc2 69. Rxd5 a1Q 70. Bxc3 Qxc3 71. f4 Qg3+ 0-1

[Event "Tatarstan-ch op"]
[Site "Kazan"]
[Date "2008.08.29"]
[Round "9"]
[White "Vasilov, Artur"]
[Black "Pushkin, Eduard"]
[Result "1-0"]
[WhiteElo "2187"]
[BlackElo "2216"]
[PlyCount "96"]
[EventDate "2008.08.21"]
[EventType "swiss"]
[EventRounds "9"]
[EventCountry "RUS"]
[SourceTitle "EXT 2010"]
[Source "ChessBase"]
[SourceDate "2010.11.25"]
[SourceVersion "1"]
[SourceVersionDate "2010.11.25"]
[SourceQuality "1"]

1. d4 Nf6 2. c4 c5 3. d5 e5 4. Nc3 d6 5. e4 Be7 6. g3 0-0 7. Bg2 a6 8. a4 b6 9. Nge2 Nbd7 10. 0-0 Rb8 11. Be3 Ng4 12. Bd2 Bg5 13. f4 exf4 14. gxf4 Bh6 15. h3 Ngf6 16. Ng3 g6 17. Qf3 Bg7 18. Rae1 Ne8 19. Re2 Nc7 20. Nd1 b5 21. b3 bxa4 22. bxa4 Nb6 23. Bc3 Bxc3 24. Qxc3 Nxa4 25. Qf3 Rb4 26. Ne3 Nb6 27. Rc2 Rb3 28. e5 Ne8 29. Qf2 Qh4 30. Ne4 Qe7 31. Rb2 Rb4 32. Rxb4 cxb4 33. c5 dxc5 34. d6 Qd7 35. Nxc5 Qb5 36. Ne4 b3 37. Nc3 Qd3 38. Ncd5 Nxd5 39. Nxd5 Be6 40. Ne7+ Kh8 41. f5 gxf5 42. Nxf5 Rg8 43. Nh6 b2 44. Qxb2 Qe3+ 45. Kh2 Qxh6 46. d7 Nc7 47. Rxf7 Rxg2+ 48. Qxg2 Bxf7 1-0

[Event "Tatarstan-ch op"]
[Site "Kazan"]
[Date "2008.08.24"]
[Round "4"]
[White "Pushkin, Eduard"]
[Black "Talov, Nikita"]
[Result "1/2-1/2"]
[WhiteElo "2216"]
[BlackElo "2018"]
[PlyCount "97"]
[EventDate "2008.08.21"]
[EventType "swiss"]
[EventRounds "9"]
[EventCountry "RUS"]
[SourceTitle "EXT 2010"]
[Source "ChessBase"]
[SourceDate "2010.11.25"]
[SourceVersion "1"]
[SourceVersionDate "2010.11.25"]
[SourceQuality "1"]

1. c4 Nf6 2. Nc3 c5 3. g3 e6 4. Nf3 b6 5. Bg2 Bb7 6. 0-0 Be7 7. Re1 d6 8. e4 Nbd7 9. d4 cxd4 10. Nxd4 Qc8 11. Bg5 a6 12. Rc1 0-0 13. h3 Re8 14. Rc2 h6 15. Bc1 Bf8 16. b3 Qb8 17. Bb2 Rc8 18. Qe2 Qa7 19. Rd1 Rab8 20. Kh2 Qa8 21. Rcd2 Nc5 22. Re1 Rd8 23. Nc2 Rbc8 24. Nb4 Qb8 25. Nd3 Nxd3 26. Rxd3 Nd7 27. Rd2 Nc5 28. f4 Bc6 29. Qf1 b5 30. cxb5 axb5 31. b4 Na4 32. Nxa4 bxa4 33. a3 Bb5 34. Qf2 Bc4 35. Rc2 Bb3 36. Rxc8 Rxc8 37. Rc1 Rxc1 38. Bxc1 Qc7 39. Qd2 d5 40. exd5 Bxd5 41. Bxd5 exd5 42. Qb2 Be7 43. b5 Qb6 44. Qe2 Bf6 45. Be3 Bd4 46. Bxd4 Qxd4 47. Qe8+ Kh7 48. Qxf7 Qf2+ 49. Kh1 1/2-1/2

[Event "Kazan City-ch"]
[Site "Kazan"]
[Date "2007.12.11"]
[Round "10"]
[White "Amirkhanov, Roustem"]
[Black "Pushkin, Eduard"]
[Result "1-0"]
[WhiteElo "2264"]
[BlackElo "2180"]
[PlyCount "109"]
[EventDate "2007.11.24"]
[EventType "swiss"]
[EventRounds "11"]
[EventCountry "RUS"]
[SourceTitle "EXT 2009"]
[Source "ChessBase"]
[SourceDate "2008.11.26"]
[SourceVersion "1"]
[SourceVersionDate "2008.11.26"]
[SourceQuality "1"]

1. e4 e5 2. Nf3 Nc6 3. Bb5 a6 4. Ba4 d6 5. c3 Nf6 6. d4 Bd7 7. 0-0 Be7 8. Nbd2 0-0 9. Re1 Re8 10. d5 Nb8 11. Bxd7 Nbxd7 12. c4 c6 13. Nb3 Rc8 14. dxc6 Rxc6 15. Qe2 Qc7 16. Nbd2 Nc5 17. b3 Bd8 18. Ba3 Qa5 19. Bxc5 Qxc5 20. a3 Qa7 21. g3 Bb6 22. Kg2 Ba5 23. Red1 Bxd2 24. Rxd2 Qc5 25. Ne1 b5 26. cxb5 Qxb5 27. Qxb5 axb5 28. f3 Kf8 29. Rc2 Rxc2+ 30. Nxc2 d5 31. exd5 Nxd5 32. Rd1 Nf6 33. Rd3 Rc8 34. Ne3 g6 35. Nd5 Rc2+ 36. Kg1 Kg7 37. Nc3 g5 38. Nxb5 g4 39. Nd6 gxf3 40. Rxf3 h5 41. Rf2 Rc1+ 42. Kg2 Ng4 43. Rb2 Rc6 44. Nc4 e4 45. h3 Nf6 46. Rd2 Ne8 47. Rd7 Kf6 48. Rxf7+ Ke6 49. Rf2 Nc7 50. Rd2 Nd5 51. Rd4 Nc3 52. g4 hxg4 53. hxg4 Rc8 54. Rd6+ Ke7 55. Rh6 1-0

[Event "Kazan City-ch"]
[Site "Kazan"]
[Date "2007.12.09"]
[Round "9"]
[White "Pushkin, Eduard"]
[Black "Solovyev, Mikhail Vladislavov"]
[Result "1-0"]
[WhiteElo "2180"]
[BlackElo "2029"]
[PlyCount "105"]
[EventDate "2007.11.24"]
[EventType "swiss"]
[EventRounds "11"]
[EventCountry "RUS"]
[SourceTitle "EXT 2009"]
[Source "ChessBase"]
[SourceDate "2008.11.26"]
[SourceVersion "1"]
[SourceVersionDate "2008.11.26"]
[SourceQuality "1"]

1. c4 d6 2. Nc3 Nf6 3. g3 g6 4. Bg2 Bg7 5. e3 0-0 6. Nge2 Nc6 7. 0-0 Nh5 8. Rb1 f5 9. d3 e5 10. b4 Nf6 11. b5 Ne7 12. a4 Rb8 13. a5 g5 14. f4 gxf4 15. exf4 Bd7 16. Qb3 Be6 17. Kh1 Ng6 18. Be3 b6 19. Bg1 h5 20. fxe5 dxe5 21. d4 e4 22. d5 Bd7 23. Nd4 Ng4 24. Nce2 Qe7 25. c5 Kh7 26. axb6 axb6 27. cxb6 cxb6 28. Nc6 Bxc6 29. bxc6 e3 30. Qb4 Qxb4 31. Rxb4 Be5 32. h3 Nf2+ 33. Bxf2 exf2 34. Rxf2 Bd6 35. Rb5 Bc5 36. Rf1 h4 37. gxh4 Nxh4 38. Nf4 Rg8 39. c7 Rbc8 40. Rxc5 bxc5 41. d6 Nxg2 42. Nxg2 Kg6 43. Nf4+ Kf7 44. Rd1 c4 45. Nd5 Ke6 46. Nb6 c3 47. Nxc8 c2 48. Re1+ Kd7 49. Nb6+ Kxd6 50. c8Q Rxc8 51. Nxc8+ Kc5 52. Rc1 Kd4 53. Rxc2 1-0

[Event "Kazan City-ch"]
[Site "Kazan"]
[Date "2007.12.08"]
[Round "8"]
[White "Tokarev, Ilya"]
[Black "Pushkin, Eduard"]
[Result "1-0"]
[WhiteElo "2180"]
[BlackElo "2180"]
[PlyCount "73"]
[EventDate "2007.11.24"]
[EventType "swiss"]
[EventRounds "11"]
[EventCountry "RUS"]
[SourceTitle "EXT 2009"]
[Source "ChessBase"]
[SourceDate "2008.11.26"]
[SourceVersion "1"]
[SourceVersionDate "2008.11.26"]
[SourceQuality "1"]

1. c4 c5 2. Nc3 Nf6 3. g3 Nc6 4. Bg2 b6 5. Nf3 Bb7 6. 0-0 e6 7. b3 Be7 8. Bb2 0-0 9. d4 Nxd4 10. Nxd4 Bxg2 11. Kxg2 cxd4 12. Qxd4 Qc7 13. Rfd1 Qc6+ 14. e4 Rfd8 15. f3 Bc5 16. Qd3 Bf8 17. a4 Rab8 18. h4 a6 19. e5 Ne8 20. Ne4 d5 21. exd6 f5 22. Ng5 Rxd6 23. Qe2 Nc7 24. Be5 Rxd1 25. Rxd1 Re8 26. Qd2 h6 27. Qd7 Qxd7 28. Rxd7 hxg5 29. Rxc7 gxh4 30. gxh4 Re7 31. Rc8 Rd7 32. Rb8 Kf7 33. Rxb6 Rd2+ 34. Kg3 Bc5 35. Rb7+ Ke8 36. h5 Be3 37. Rxg7 1-0

[Event "Kazan City-ch"]
[Site "Kazan"]
[Date "2007.12.06"]
[Round "7"]
[White "Pushkin, Eduard"]
[Black "Sharafiev, Azat"]
[Result "0-1"]
[WhiteElo "2180"]
[BlackElo "2320"]
[PlyCount "48"]
[EventDate "2007.11.24"]
[EventType "swiss"]
[EventRounds "11"]
[EventCountry "RUS"]
[SourceTitle "EXT 2009"]
[Source "ChessBase"]
[SourceDate "2008.11.26"]
[SourceVersion "1"]
[SourceVersionDate "2008.11.26"]
[SourceQuality "1"]

1. c4 b6 2. e4 e6 3. Nc3 Bb7 4. Nge2 Nf6 5. f3 d5 6. d3 Nbd7 7. Bg5 Be7 8. Bh4 0-0 9. Bf2 dxe4 10. dxe4 Bc5 11. Bxc5 Nxc5 12. Qxd8 Rfxd8 13. Nc1 e5 14. b4 Ne6 15. Nd3 Nd7 16. Be2 a5 17. b5 Ndc5 18. Nd5 Nxd3+ 19. Bxd3 Nc5 20. Be2 Bxd5 21. exd5 g6 22. 0-0-0 f6 23. Rhe1 Kf7 24. g3 Rd6 0-1